Aboriginal art, identity and appropriation / (Record no. 25043)

000 -LEADER
fixed length control field 02040cam a22003854a 4500
001 - CONTROL NUMBER
control field 13942861
003 - CONTROL NUMBER IDENTIFIER
control field OSt
005 - DATE AND TIME OF LATEST TRANSACTION
control field 20170130152703.0
008 - FIXED-LENGTH DATA ELEMENTS--GENERAL INFORMATION
fixed length control field 050426s2005 enka b 001 0 eng
010 ## - LIBRARY OF CONGRESS CONTROL NUMBER
LC control number 2005011867
015 ## - NATIONAL BIBLIOGRAPHY NUMBER
National bibliography number GBA546382
Source bnb
016 7# - NATIONAL BIBLIOGRAPHIC AGENCY CONTROL NUMBER
Record control number 013210526
Source Uk
020 ## - INTERNATIONAL STANDARD BOOK NUMBER
International Standard Book Number 0754644030 (alk. paper)
035 ## - SYSTEM CONTROL NUMBER
System control number (OCoLC)ocm59879472
040 ## - CATALOGING SOURCE
Original cataloging agency DLC
Transcribing agency DLC
Modifying agency UKM
-- OCLCQ
-- BWKUK
-- BAKER
-- DLC
042 ## - AUTHENTICATION CODE
Authentication code pcc
043 ## - GEOGRAPHIC AREA CODE
Geographic area code u-at---
050 00 - LIBRARY OF CONGRESS CALL NUMBER
Classification number N7401
Item number .C65 2005
082 00 - DEWEY DECIMAL CLASSIFICATION NUMBER
Classification number 704.03/9915
Edition number 22
100 1# - MAIN ENTRY--PERSONAL NAME
Personal name Coleman, Elizabeth Burns,
Dates associated with a name 1961-
245 10 - TITLE STATEMENT
Title Aboriginal art, identity and appropriation /
Statement of responsibility, etc. Elizabeth Burns Coleman.
260 ## - PUBLICATION, DISTRIBUTION, ETC. (IMPRINT)
Place of publication, distribution, etc. Aldershot, England ;
-- Burlington, VT :
Name of publisher, distributor, etc. Ashgate,
Date of publication, distribution, etc. c2005.
300 ## - PHYSICAL DESCRIPTION
Extent xviii, 188 p. :
Other physical details ill. ;
Dimensions 24 cm.
440 #0 - SERIES STATEMENT/ADDED ENTRY--TITLE
Title Anthropology and cultural history in Asia and the Indo-Pacific
504 ## - BIBLIOGRAPHY, ETC. NOTE
Bibliography, etc Includes bibliographical references (p. [173]-181) and index.
505 0# - FORMATTED CONTENTS NOTE
Formatted contents note Mapping the problem -- Cultural appropriation -- Culture and property -- Domestic questions -- Identity and images -- Religion and significance -- Art fraud and the ontology of painting -- Applying the criteria for authenticity -- Insignia and collective entities -- Cultural vandalism -- Interpreting aboriginal claims as rights -- Freedom of expression and insignia -- Responding to aboriginal claims.
650 #0 - SUBJECT ADDED ENTRY--TOPICAL TERM
Topical term or geographic name as entry element Art, Aboriginal Australian.
650 #0 - SUBJECT ADDED ENTRY--TOPICAL TERM
Topical term or geographic name as entry element Aboriginal Australians
General subdivision Ethnic identity.
650 #0 - SUBJECT ADDED ENTRY--TOPICAL TERM
Topical term or geographic name as entry element Aboriginal Australians
General subdivision Legal status, laws, etc.
650 #0 - SUBJECT ADDED ENTRY--TOPICAL TERM
Topical term or geographic name as entry element Cultural property
General subdivision Protection
Geographic subdivision Australia.
650 #0 - SUBJECT ADDED ENTRY--TOPICAL TERM
Topical term or geographic name as entry element Law and art
Geographic subdivision Australia.
856 41 - ELECTRONIC LOCATION AND ACCESS
Materials specified Table of contents
Uniform Resource Identifier <a href="http://www.loc.gov/catdir/toc/ecip0511/2005011867.html">http://www.loc.gov/catdir/toc/ecip0511/2005011867.html</a>
906 ## - LOCAL DATA ELEMENT F, LDF (RLIN)
a 7
b cbc
c orignew
d 1
e ecip
f 20
g y-gencatlg
942 ## - ADDED ENTRY ELEMENTS (KOHA)
Source of classification or shelving scheme
Koha item type Hard Covered Materials
Classification part N 7401 .C65 2005
Holdings
Withdrawn status Lost status Source of classification or shelving scheme Damaged status Not for loan Home library Current library Shelving location Date acquired Source of acquisition Total Checkouts Full call number Barcode Date last seen Price effective from Koha item type
          MACHAKOS UNIVERSITY LIBRARY MACHAKOS UNIVERSITY LIBRARY Technical section 30/01/2017 Donation (BFA)   N 7401 .C65 2005 33314 27/07/2018 30/01/2017 Hard Covered Materials
© Machakos University Library, Along The Highway, Machakos Wote Rd, Machakos, Kenya P.O. Box 136 - 90100 Machakos - Kenya

Tel: ( +254 ) 723 805829 OR Fax : 044-20353 OR Email: library@mksu.ac.ke